| 000 | 01352nam a2200337 a 4500 | ||
|---|---|---|---|
| 001 | ebr10617919 | ||
| 003 | CaPaEBR | ||
| 006 | m u | ||
| 007 | cr cn||||||||| | ||
| 008 | 120820s2013 nju sb 001 0 eng d | ||
| 010 | _z 2012030901 | ||
| 020 | _z9781118494561 (cloth) | ||
| 020 | _z9781118509340 (e-book) | ||
| 040 |
_aCaPaEBR _cCaPaEBR |
||
| 035 | _a(OCoLC)808108982 | ||
| 050 | 1 | 4 |
_aHG4529 _b.S387 2013eb |
| 082 | 0 | 4 |
_a332.6 _223 |
| 100 | 1 |
_aSchwager, Jack D., _d1948- |
|
| 245 | 1 | 0 |
_aMarket sense and nonsense _h[electronic resource] : _bhow the markets really work (and how they don't) / _cJack D. Schwager. |
| 260 |
_aHoboken, N.J. : _bWiley, _cc2013. |
||
| 300 | _axix, 343 p. | ||
| 504 | _aIncludes bibliographical references and index. | ||
| 505 | 0 | _apt. 1. Markets, return, and risk -- pt. 2. Hedge funds as an investment -- pt. 3. Portfolio matters. | |
| 533 |
_aElectronic reproduction. _bPalo Alto, Calif. : _cebrary, _d2011. _nAvailable via World Wide Web. _nAccess may be limited to ebrary affiliated libraries. |
||
| 650 | 0 | _aInvestment analysis. | |
| 650 | 0 | _aRisk management. | |
| 650 | 0 | _aInvestments. | |
| 655 | 7 |
_aElectronic books. _2local |
|
| 710 | 2 | _aebrary, Inc. | |
| 856 | 4 | 0 |
_uhttp://site.ebrary.com/lib/rucke/Doc?id=10617919 _zAn electronic book accessible through the World Wide Web; click to view |
| 999 |
_c54867 _d54867 |
||